HTML & Développement Web (Record no. 1942)

MARC details
000 -LEADER
fixed length control field 01371nam a2200265 4500
008 - FIXED-LENGTH DATA ELEMENTS--GENERAL INFORMATION
fixed length control field s2003 fr fre u
020 ## - INTERNATIONAL STANDARD BOOK NUMBER
International Standard Book Number 2742928987
020 ## - INTERNATIONAL STANDARD BOOK NUMBER
International Standard Book Number 9782742928989
040 ## - CATALOGING SOURCE
Original cataloging agency LB-BrCRDP
082 1# - DEWEY DECIMAL CLASSIFICATION NUMBER
Classification number 005
Item number MUN
100 1# - MAIN ENTRY--PERSONAL NAME
Personal name Münz, Stefan
245 10 - TITLE STATEMENT
Title HTML & Développement Web
Statement of responsibility, etc. Stefan Münz , Wolfgang Nefzger
260 ## - PUBLICATION, DISTRIBUTION, ETC.
Place of publication, distribution, etc. Paris
Name of publisher, distributor, etc. Micro Application
Date of publication, distribution, etc. 2003
300 ## - PHYSICAL DESCRIPTION
Extent 1500 p.
Other physical details couv. couleur, ill. noir et blanc.
Dimensions 23 cm
490 0# - SERIES STATEMENT
Series statement La bible
500 ## - GENERAL NOTE
General note Sommaire, index.
520 ## - SUMMARY, ETC.
Summary, etc. Cet ouvrage de référence se base sur SELFHTML, la documentation la plus connue et la plus complète concernant la programmation web.Numéro un des ventes en Allemagne, cet ouvrage, rédigé par des professionnels des langages de programmation, présente, sur plus de 1500 pages, l'intégralité des langages HTML, CSS, JavaScript, HTML dynamique, Perl/CGI et XML. Les langages sont présentés un à un, fonction par fonction, avec leur syntaxe et des exemples de code pour une maîtrise parfaite de la programmation web... Une véritable bible pour tous les utilisateurs souhaitant créer et développer un projet professionnel sur la toile.
650 4# - SUBJECT ADDED ENTRY--TOPICAL TERM
Topical term or geographic name entry element Informatique
650 4# - SUBJECT ADDED ENTRY--TOPICAL TERM
Topical term or geographic name entry element Logiciels
650 4# - SUBJECT ADDED ENTRY--TOPICAL TERM
Topical term or geographic name entry element Web
650 4# - SUBJECT ADDED ENTRY--TOPICAL TERM
Topical term or geographic name entry element Internet
700 1# - ADDED ENTRY--PERSONAL NAME
Personal name Nefzger, Wolfgang
942 ## - ADDED ENTRY ELEMENTS (KOHA)
Koha item type Books
Holdings
Withdrawn status Lost status Source of classification or shelving scheme Damaged status Not for loan Home library Current library Shelving location Date acquired Source of acquisition Cost, normal purchase price Total Checkouts Full call number Barcode Date last seen Copy number Price effective from Koha item type
    Dewey Decimal Classification     مكتبة دار المعلمين و المعلمات - النبطية مكتبة دار المعلمين و المعلمات - النبطية Salle de Lecture 04/29/2006 Ambassade de France 81.00   025 MUN. CRN1802 07/28/2016 1 07/28/2016 Books
    Dewey Decimal Classification     مكتبة دار المعلمين و المعلمات - بئر حسن مكتبة دار المعلمين و المعلمات - بئر حسن Salle de Lecture 12/02/2006 Ambassade de France 0.00   004 Mûn CRB1379 07/27/2016 1 07/27/2016 Books
    Dewey Decimal Classification     مكتبة دار المعلمين و المعلمات - جونية مكتبة دار المعلمين و المعلمات - جونية Salle de Lecture 04/29/2006 Ambassade de France 81.00   025 MUN. CRJ1802 07/27/2016 1 07/27/2016 Books
    Dewey Decimal Classification     مكتبة دار المعلمين و المعلمات - زحلة مكتبة دار المعلمين و المعلمات - زحلة Salle de Lecture 04/13/2007 Amb. de France 64.80   005 MUN CRZ1983 07/27/2016 1 07/27/2016 Books